000 00441nam a2200145 i 4500
001 28513
003 ES-MaACL
005 20230906153853.0
007 t|
008 030117s1880 sp ||||1| spa d
100 1 _aBarallat y Falguera, Celestino (
_d1840-1905)
_925298
245 1 0 _aRecuerdo biográfico de Francisco Javier Llorens /
_cCelestino Barallat y Falguera.
260 _aBarcelona :
_b[s.n.],
_c1880.
852 _aES-MaACL
_jT-331-F-3
999 _c28513
_d28513